El Salvador: el fracaso de la reforma agraria en 1980 (1° parte)
Guardado en:
| Formato: | Texto |
|---|---|
| Materias: | |
| Etiquetas: |
Agregar Etiqueta
Sin Etiquetas, Sea el primero en etiquetar este registro!
|
MARC
| LEADER | 00000 a a2200000 04500 | ||
|---|---|---|---|
| 001 | 18037 | ||
| 003 | |||
| 040 | |||
| 245 | |a El Salvador: |b el fracaso de la reforma agraria en 1980 (1° parte) | ||
| 650 | |a REFORMA AGRARIA | ||
| 650 | |a DEMOCRACIA | ||
| 650 | |a EL SALVADOR | ||
| 773 | |g volumen 5, número 15; (1981) páginas 173-174 | ||
| 999 | |c 23476 |d 23476 | ||
| 773 | 0 | |0 42391 |9 3893 |a Agencia Latinoamericana de Información, ALAI |d Quito, Ecuador: ALAI |o 04428 |t ALAI: |x 08275564 (Servicio mensual de información y documentación) | |
